Nickelodeon Shows with 100+ Episodes - Statistics

General Stats
  • This quiz has been taken 77 times
  • The average score is 5 of 16
Answer Stats
# Series Years % Correct
360 SpongeBob SquarePants 1999-Present
91%
130 iCarly 2007-2012,2021-2023
65%
133 Henry Danger 2014-2020
53%
172 The Fairly OddParents 2001-2017
52%
111 The Thundermans 2013-2018,2025-Present
45%
277 Rugrats 1991-2008,2021-Present
44%
324 The Loud House 2016-Present
44%
100 Hey Arnold! 1996-2004
32%
210 All That 1994-2005,2019-2020
29%
124 Teenage Mutant Ninja Turtles 2012-2017
20%
104 Are You Afraid of the Dark 1992-1996,1999-2000, 2019-2022
12%
117 Doug 1991-1999
11%
133 Legends of the Hidden Temple 1993-1995,2021-2022
6%
610 Double Dare 1986-1993,2000-2000, 2018-2019
5%
433 Are You Smarter Than a 5th Grader? 2007-2011,2015-2015, 2019-2019
3%
208 Winx Club 2004-2019
3%
No matching quizzes found
Score Distribution
Percent of People with Each Score
Percentile by Number Answered
Your Score History
You have not taken this quiz